Các bài toán về suy luận logic

Gespeichert in:
Bibliographische Detailangaben
1. Verfasser: Trần, Diên Hiển
Format: Buch
Sprache:Undetermined
Veröffentlicht: Hà Nội Giáo Dục 2000
Schlagworte:
Tags: Tag hinzufügen
Keine Tags, Fügen Sie den ersten Tag hinzu!
Thư viện lưu trữ: Trung tâm Học liệu Trường Đại học Cần Thơ
LEADER 00499nam a2200169Ia 4500
001 CTU_47431
008 210402s9999 xx 000 0 und d
082 |a 511.3 
082 |b H305 
100 |a Trần, Diên Hiển 
245 0 |a Các bài toán về suy luận logic 
245 0 |c Trần Diên Hiển 
260 |a Hà Nội 
260 |b Giáo Dục 
260 |c 2000 
650 |a Logic, symbolic and mathematical 
980 |a Trung tâm Học liệu Trường Đại học Cần Thơ